Les 20 villes les plus peuplées d'Ile-de-France de 1806 à 2023 - Statistiques

Statistiques générales
  • Ce quiz a été pris 104 fois
  • Le résultat moyen est 121 sur 160
Statistiques - réponses
Hint Réponse % Correct
1846 Batignolles* 19 864
100%
1846 Belleville* 27 801
100%
1846 Bercy* 9 124
100%
1846 La Chapelle* 14 398
100%
1846 La Villette* 13 485
100%
1846 Montmartre* 14 710
100%
1806 Paris 580 609
100%
1846 Paris 1 053 897
100%
1876 Paris 1 990 806
100%
1911 Paris 2 888 110
100%
1936 Paris 2 829 753
100%
1968 Paris 2 590 771
100%
1999 Paris 2 125 246
100%
2023 Paris 2 103 778
100%
1846 Passy* 8 657
100%
1846 Vaugirard* 13 701
100%
1806 Versailles 26 974
96%
1846 Versailles 34 901
96%
1876 Versailles 49 856
96%
1911 Versailles 60 467
96%
1936 Versailles 73 853
96%
1968 Versailles 90 863
96%
1999 Versailles 85 776
96%
2023 Versailles 84 095
96%
1806 Saint-Denis 5 607
95%
1846 Saint-Denis 12 511
95%
1876 Saint-Denis 36 059
95%
1911 Saint-Denis 76 027
95%
1936 Saint-Denis 90 976
95%
1968 Saint-Denis 118 285
95%
1999 Saint-Denis 111 648
95%
2023 Saint-Denis 149 077
95%
1806 Argenteuil 4 249
93%
1911 Argenteuil 24 201
93%
1936 Argenteuil 59 314
93%
1968 Argenteuil 90 480
93%
1999 Argenteuil 93 961
93%
2023 Argenteuil 106 130
93%
1846 Boulogne-Billancourt 7 847
91%
1876 Boulogne-Billancourt 21 556
91%
1911 Boulogne-Billancourt 57 027
91%
1936 Boulogne-Billancourt 97 379
91%
1968 Boulogne-Billancourt 109 008
91%
1999 Boulogne-Billancourt 106 367
91%
2023 Boulogne-Billancourt 119 019
91%
1999 Créteil 82 154
90%
2023 Créteil 93 397
90%
1999 Évry-Courcouronnes 63 391
90%
1936 Nanterre 46 065
90%
1968 Nanterre 90 332
90%
1999 Nanterre 84 281
90%
2023 Nanterre 97 783
90%
1806 Melun 6 818
88%
1846 Melun 9 151
88%
1876 Melun 11 241
88%
1806 Montreuil 3 950
84%
1876 Montreuil 13 607
84%
1911 Montreuil 43 217
84%
1936 Montreuil 71 791
84%
1968 Montreuil 95 698
84%
1999 Montreuil 90 674
84%
2023 Montreuil 111 934
84%
1876 Aubervilliers 14 340
83%
1911 Aubervilliers 37 558
83%
1936 Aubervilliers 55 871
83%
1968 Aubervilliers 73 695
83%
1999 Aubervilliers 63 136
83%
2023 Aubervilliers 88 365
83%
1911 Issy-les-Moulineaux 23 175
83%
1936 Issy-les-Moulineaux 44 150
83%
1876 Ivry-sur-Seine 15 247
82%
1911 Ivry-sur-Seine 38 297
82%
1936 Ivry-sur-Seine 45 882
82%
1968 Ivry-sur-Seine 60 455
82%
1846 Neuilly-sur-Seine 13 063
82%
1876 Neuilly-sur-Seine 20 781
82%
1911 Neuilly-sur-Seine 44 616
82%
1936 Neuilly-sur-Seine 56 938
82%
1968 Neuilly-sur-Seine 70 995
82%
1806 Meaux 6 573
80%
1846 Meaux 9 382
80%
1876 Meaux 11 739
80%
1876 Vincennes 18 243
79%
1911 Vincennes 38 568
79%
1936 Vincennes 48 967
79%
2023 Cergy 70 906
78%
1876 Levallois-Perret 22 744
77%
1911 Levallois-Perret 68 693
77%
1936 Levallois-Perret 65 186
77%
1968 Levallois-Perret 58 941
77%
1936 Vitry-sur-Seine 45 922
76%
1968 Vitry-sur-Seine 77 846
76%
1999 Vitry-sur-Seine 78 908
76%
2023 Vitry-sur-Seine 93 963
76%
1911 Asnières-sur-Seine 42 583
70%
1936 Asnières-sur-Seine 71 831
70%
1968 Asnières-sur-Seine 80 113
70%
1999 Asnières-sur-Seine 75 837
70%
2023 Asnières-sur-Seine 93 941
70%
1876 Courbevoie 11 934
68%
1911 Courbevoie 38 138
68%
1936 Courbevoie 58 638
68%
1968 Courbevoie 58 118
68%
1999 Courbevoie 69 694
68%
2023 Courbevoie 82 902
68%
1999 Antony 59 855
67%
1911 Colombes 22 862
67%
1936 Colombes 61 944
67%
1968 Colombes 80 357
67%
1999 Colombes 76 757
67%
2023 Colombes 91 053
67%
1968 Aulnay-sous-Bois 61 521
65%
1999 Aulnay-sous-Bois 80 021
65%
2023 Aulnay-sous-Bois 87 599
65%
1876 Clichy 17 354
65%
1911 Clichy 46 661
65%
1936 Clichy 56 475
65%
1806 Mantes-la-Jolie 3 976
63%
1806 Pontoise 5 161
63%
1876 Saint-Ouen-sur-Seine 11 255
63%
1911 Saint-Ouen-sur-Seine 41 904
63%
1936 Saint-Ouen-sur-Seine 51 106
63%
1876 Pantin 13 665
62%
1911 Pantin 36 359
62%
1968 Drancy 68 467
60%
1999 Drancy 62 263
60%
2023 Drancy 72 390
60%
1806 Fontainebleau 9 040
60%
1846 Fontainebleau 9 707
60%
1876 Fontainebleau 11 653
60%
1968 Rueil-Malmaison 60 804
60%
1999 Rueil-Malmaison 73 469
60%
2023 Rueil-Malmaison 82 874
60%
1806 Étampes 8 333
57%
1846 Étampes 8 157
57%
1806 Saint-Germain-en-Laye 9 798
57%
1846 Saint-Germain-en-Laye 13 488
57%
1876 Saint-Germain-en-Laye 17 537
57%
1911 Saint-Maur-des-Fossés 33 852
57%
1936 Saint-Maur-des-Fossés 56 740
57%
1968 Saint-Maur-des-Fossés 77 251
57%
1999 Saint-Maur-des-Fossés 73 069
57%
2023 Saint-Maur-des-Fossés 76 572
57%
1876 Puteaux 12 181
54%
1911 Puteaux 32 223
54%
1968 Champigny-sur-Marne 70 419
52%
1999 Champigny-sur-Marne 74 237
52%
2023 Champigny-sur-Marne 78 072
52%
1806 Corbeil-Essonnes 3 230
52%
1846 Corbeil-Essonnes 7 926
52%
1876 Corbeil-Essonnes 11 726
52%
2023 Noisy-le-Grand 72 978
52%
1806 Provins 5 492
41%
1806 Sèvres 2 779
33%
1806 Montereau-Fault-Yonne 3 453
23%
1806 Dourdan 3 046
22%
1806 Coulommiers 3 413
21%
1806 Nemours 3 639
21%
1846 Gentilly 11 646
16%
1806 La Ferté-sous-Jouarre 3 615
13%
Aucun quiz correspondant
Distribution des résultats
% des personnes avec chaque résultat
Percentile par nombre de réponses
Votre historique - résultats
Vous n’avez pas pris ce quiz